00540 a2200157 450000100060000008200120000609000170001810000780003524500700011326000260018330000140020950000230022394200220024699900190026895200950028792288 aPR 2530 c44242d44243 aMuhammad Hassan Naeem; Dr. Jahanzeb Burki and Dr. Azhar Hassan (Advisors) adevelopment of Synthetic Apperture Radar (SAR for PAF)n78 "B" EC aIslamabadbNUSTc2015 axiii,83p. aBE Project Reports aCAE NUSTkPR 2530 c327361d327361 001040708NFICaCAEbCAEd2017-04-03l0oPR 2530pCAEPR-2530r2017-04-05w2017-04-05yBK